[Event "European Rapid Championship 2021"]
[Site "Katowice"]
[Date "2021.12.18"]
[Round "1.6"]
[White "Panczuk, Grzegorz"]
[Black "Andersen, Mads"]
[Result "0-1"]
[WhiteElo "1697"]
[BlackElo "2574"]
[Annotator "TA"]
[PlyCount "56"]
[EventDate "2021.12.18"]
[EventType "swiss"]
[EventCountry "POL"]
[SourceTitle "playchess.com"]
[Source "ChessBase"]
[SourceQuality "1"]

{[%evp 9,56,5,14,-17,8,0,11,-29,18,-26,16,17,14,11,9,9,16,13,13,0,0,0,9,-6,0,
-37,-10,-25,0,-16,-18,-18,-7,-14,0,0,10,-12,0,0,0,5,8,8,19,-402,-394,-1118,
-1063]} 1. d4 Nf6 2. Bg5 d5 3. Bxf6 exf6 4. e3 c5 5. c3 Nc6 6. Bd3 {D00: 1 d4
d5: Unusual lines.} Be6 7. Nd2 Rc8 8. Ngf3 {[#] The position is equal.} Be7
$146 (8... c4 {might be stronger.} 9. Bc2 f5) ({Predecessor:} 8... Qd7 9. O-O
Bd6 10. dxc5 Bxc5 11. Nd4 O-O 12. Qh5 g6 13. Qd1 Rfe8 14. Re1 Kg7 {0-1 (43)
Rego,S (1984)-Limp,E (2373) Niteroi 2019}) 9. O-O (9. dxc5 $142 Bxc5 10. Nb3)
9... O-O (9... c4 {should be considered.} 10. Bc2 f5) 10. dxc5 $11 Bxc5 11. Nd4
g6 12. N2f3 Qd6 13. Qc2 Bd7 14. Nxc6 bxc6 15. Rad1 Bb6 16. Ba6 Rb8 17. e4 Bc7 {
Strongly threatening ...Bg4.} 18. exd5 cxd5 (18... Bf5 $5 {[%cal Rf5c2]} 19.
Qc1 Rfe8 $11) 19. Be2 (19. Bc4 $5) 19... Bg4 {Hoping for ...Bxf3. A strong
pair of Bishops.} 20. g3 Rfe8 21. Nd4 Bd7 22. Bf3 Re5 {[%cal Be8e5,Be5f5,Bf5d5]
[%mdl 32]} 23. Rfe1 Rbe8 24. Qd2 Bb6 25. Nc2 {[%cal Rf3d5]} Rf5 26. Rxe8+ Bxe8
27. Bxd5 {[%mdl 8192]} (27. Qe2 $11 {and White is okay.} Ba4 28. b3) 27...
Bxf2+ $19 28. Kh1 $2 {[#]} (28. Kg2 Rxd5 29. Qxd5) 28... Rxd5 $1 {[%mdl 512]
Weighted Error Value: White=0.59/Black=0.10 (very precise)} 0-1

[Event "European Rapid Championship 2021"]
[Site "Katowice"]
[Date "2021.12.18"]
[Round "1.6"]
[White "Sliz, Karol"]
[Black "Spalir, Jernej"]
[Result "1/2-1/2"]
[WhiteElo "1378"]
[BlackElo "2340"]
[Annotator "TA"]
[PlyCount "88"]
[EventDate "2021.12.18"]
[EventType "swiss"]
[EventCountry "POL"]
[SourceTitle "playchess.com"]
[Source "ChessBase"]
[SourceQuality "1"]

{[%evp 15,88,0,11,8,10,4,11,9,10,-19,-19,-29,-17,-7,-4,-50,-62,-54,-62,-57,-15,
-1,0,-16,0,-12,34,38,33,23,12,0,35,0,0,0,0,9,35,27,28,-85,83,87,87,79,87,80,78,
45,68,46,45,0,80,0,87,88,106,87,87,0,113,0,87,87,100,87,90,0,108,0,92,121,126]
} 1. e4 e5 2. Nc3 Nf6 3. Bc4 Nc6 4. d3 Bb4 5. Nge2 O-O 6. O-O Na5 7. Bg5 Nxc4
8. dxc4 Be7 {[%cal Of6e4]} 9. Qd3 {C28: Vienna Game: 2...Nf6 3 Bc4 Nc6.} d6 {
[#]} 10. b3 $146 ({Predecessor:} 10. Rad1 Be6 11. b3 Nd7 12. Bxe7 Qxe7 13. Qe3
f5 14. exf5 Rxf5 15. Nb5 Nb6 16. a4 Nc8 {½-½ (69) Rublevsky,S (2695)-Najer,E
(2633) Khanty-Mansiysk 2013}) 10... h6 11. Be3 {The position is equal.} c6 12.
f3 Qc7 13. Rfd1 Nh5 14. Qd2 Be6 15. g4 (15. Qe1 $11) 15... Nf6 $15 16. Ng3 Rfd8
17. Nf5 Bf8 (17... d5 $1 $15 18. Bxh6 gxh6 19. Qxh6 Bxf5 20. gxf5 Nh7 21. exd5
Bg5) 18. g5 $1 $36 {[%mdl 2048] White has the initiative.} Nh5 ({Don't play} 
18... hxg5 19. Bxg5 Nh5 20. Bxd8 Rxd8 21. Kh1 $14) 19. gxh6 g6 20. Ng3 Nxg3 (
20... Nf6 $11) 21. hxg3 $14 {[%cal Oh6h7]} f6 22. Kg2 Kh7 23. Qe2 Qa5 24. Bd2 {
[%cal Oc3d5] Nd5! is the strong threat.} Qc7 25. Be3 Be7 26. Rd3 Rh8 27. Qf2 b6
28. f4 {[#]} (28. Rad1 $11 {remains equal.}) 28... g5 $2 {[#]} (28... f5 $1 $17
{and life is bright.} 29. fxe5 dxe5) 29. f5 $1 $16 Bf7 30. Rh1 Rad8 31. g4 Rd7
32. Qf3 Rhd8 33. Rhd1 Rh8 $1 34. Rh1 Rhd8 $1 35. Rhd1 (35. a4 $16) 35... Bf8 (
35... Rh8 $1 $11) 36. a4 Bg8 37. Kf2 Bf7 38. Kg2 (38. Bc1 $16) 38... Qb7 (38...
Bg8 $1 $11) 39. Kf2 ({White should play} 39. Bc1 $16) 39... Be7 (39... Qc7 $1
$11) 40. Qh1 Qa6 41. Qh3 Qc8 42. Qh1 ({White should try} 42. Kg1 $16) 42... Rh8
(42... Qa6 $1 $11) 43. c5 (43. Kf1 $16) 43... Rhd8 (43... bxc5 $11 {keeps the
balance.} 44. Bxc5 d5 45. Bxe7 Rxe7) 44. cxb6 {Really sharp! White is more
active.} a5 {Weighted Error Value: White=0.26 (precise) /Black=0.31} 1/2-1/2

[Event "European Rapid Championship 2021"]
[Site "Katowice"]
[Date "2021.12.18"]
[Round "1.7"]
[White "Laurusas, Tomas"]
[Black "Bochniak, Franciszek"]
[Result "1-0"]
[WhiteElo "2553"]
[BlackElo "1651"]
[Annotator "TA"]
[PlyCount "61"]
[EventDate "2021.12.18"]
[EventType "swiss"]
[EventCountry "POL"]
[SourceTitle "playchess.com"]
[Source "ChessBase"]
[SourceQuality "1"]

{[%evp 9,61,0,10,0,3,0,0,0,25,32,71,69,318,267,385,393,778,786,807,799,799,628,
581,214,170,207,222,232,255,237,243,252,231,208,209,207,198,202,215,182,301,
244,352,348,351,272,316,187,160,97,1004,1008,29978,5510]} 1. c4 e6 2. Nc3 b6 3.
e4 {[%cal Be2e4,Be4e5][%mdl 32]} Bb7 4. Nf3 Nf6 5. e5 Ne4 6. Nxe4 {A17:
English Opening: 1...Nf6 with ...Bb4.} Bxe4 7. Be2 c5 8. O-O {The position is
equal.} d6 9. d4 {[#]} dxe5 $146 ({Predecessor:} 9... Be7 10. d5 exd5 11. cxd5
O-O 12. Bd3 Bxd3 13. Qxd3 dxe5 14. Nxe5 Qc7 15. Nc4 Rd8 {0-1 (29) Kiik,K (2450)
-Molander,R (2286) Helsinki 2002}) 10. Nxe5 Qc7 $2 (10... Nd7 $14) 11. Bf3 Bb7
(11... Bxf3 {might work better.} 12. Qxf3 cxd4) 12. Qa4+ $18 Kd8 $2 (12... Nd7
13. Nxd7 Qxd7 14. Qxd7+ Kxd7) 13. Bxb7 Qxb7 14. Rd1 f6 15. dxc5+ Ke7 {[#]} 16.
Nd3 (16. c6 Qc7 $16) (16. Bg5 $1 {[%mdl 512]}) 16... Kf7 17. Be3 bxc5 18. Bxc5
(18. Nxc5 Bxc5 19. Bxc5 Qc6) 18... Qc6 19. Qa5 Nd7 {[%cal Rd7c5]} 20. Bxf8 ({
Worse is} 20. Bxa7 Qb7 21. Nf4 {[#]} (21. Qh5+ g6 $17) 21... Nc5 $1 $17) 20...
Rhxf8 21. Nb4 Qb7 22. c5 {c6 is the strong threat.} Ne5 {Prevents c6.} 23. Rac1
{Prevents Nc4. Black must now prevent c6.} Rac8 {Prevents c6.} 24. h3 a6 (24...
g5 {keeps fighting.} 25. Rd6 Rfe8) 25. Rd6 Qb5 (25... Qe4 $142 26. Nxa6 Nd3)
26. Qxb5 ({Don't take} 26. Rxa6 Qe2 27. Ra7+ (27. Qb6 Kg6 $16) 27... Kg8 $18)
26... axb5 27. b3 Rfd8 {Hoping for ...Rxd6.} 28. Rxd8 (28. Rb6 $142) 28... Rxd8
29. f4 ({White should try} 29. c6) 29... Rd4 {[%mdl 8192]} 30. fxe5 Rxb4 31. c6
{Weighted Error Value: White=0.37/Black=0.82} 1-0

[Event "European Rapid Championship 2021"]
[Site "Katowice"]
[Date "2021.12.18"]
[Round "1.7"]
[White "Papasimakopoulos, Alexandros"]
[Black "Buchta, Agnieszka"]
[Result "1-0"]
[WhiteElo "2274"]
[BlackElo "1919"]
[Annotator "NA RC"]
[PlyCount "67"]
[EventDate "2021.12.18"]
[EventType "swiss"]
[EventCountry "POL"]
[SourceTitle "playchess.com"]
[Source "ChessBase"]
[SourceQuality "1"]
[TimeControl "900+10"]

1. d4 {[%emt 0:00:04]} Nf6 {[%emt 0:00:04]} 2. c4 {[%emt 0:00:02]} e6 {[%emt 0:
00:04]} 3. Nc3 {[%emt 0:00:03]} Bb4 {[%emt 0:00:03]} 4. Qc2 {[%emt 0:00:02]}
Bxc3+ {[%emt 0:00:23]} 5. Qxc3 {[%emt 0:00:03]} Ne4 {[%emt 0:00:04]} 6. Qc2 {
[%emt 0:00:03]} f5 {[%emt 0:00:09]} 7. Nh3 {[%emt 0:00:04]} b6 {[%emt 0:00:41]}
8. f3 {[%emt 0:00:05]} Nf6 {[%emt 0:00:39]} 9. e3 {[%emt 0:00:05]} Bb7 {
[%emt 0:00:17]} 10. Be2 {[%emt 0:00:03]} d6 {[%emt 0:00:11]} 11. O-O {[%emt 0:
00:06]} Nbd7 {[%emt 0:00:28]} 12. Bd2 {[%emt 0:00:52]} Qe7 {[%emt 0:00:53]} 13.
b4 {[%emt 0:00:10]} h6 {[%emt 0:04:45]} 14. Nf4 {[%emt 0:00:31]} Kf7 {[%emt 0:
01:03]} 15. d5 {[%emt 0:00:47]} e5 {[%emt 0:03:52]} 16. Ne6 {[%emt 0:00:04]} g6
{[%emt 0:00:37]} 17. e4 {[%emt 0:01:04]} f4 {[%emt 0:00:24]} 18. Nxc7 {[%emt 0:
00:09]} Rac8 {[%emt 0:00:06]} 19. Nb5 {[%emt 0:00:07]} a6 {[%emt 0:00:38]} 20.
Na7 {[%emt 0:01:00]} Rc7 {[%emt 0:00:58]} 21. Qa4 {[%emt 0:00:43]} Nb8 {
[%emt 0:01:10]} 22. b5 {[%emt 0:00:46]} Bxd5 {[%emt 0:00:57]} 23. cxd5 {
[%emt 0:00:04]} Rxa7 {[%emt 0:00:01]} 24. bxa6 {[%emt 0:00:03]} Rc8 {[%emt 0:
00:07]} 25. Rfc1 {[%emt 0:00:03]} Rcc7 {[%emt 0:00:04]} 26. Rxc7 {[%emt 0:00:
04]} Qxc7 {[%emt 0:00:03]} 27. Rc1 {[%emt 0:00:02]} Qd8 {[%emt 0:00:07]} 28.
Bb4 {[%emt 0:00:04]} Ke7 {[%emt 0:00:07]} 29. Qa3 {[%emt 0:00:18]} Ne8 {
[%emt 0:00:16]} 30. Qc3 {[%emt 0:00:21]} Nc7 {[%emt 0:00:14]} 31. Qxe5+ {
[%emt 0:00:06]} Kf7 {[%emt 0:00:37]} 32. Qxf4+ {[%emt 0:00:03]} Kg7 {[%emt 0:
00:05]} 33. Bxd6 {[%emt 0:00:05]} Nbxa6 {[%emt 0:00:14]} 34. Be5+ {[%emt 0:00:
04]} 1-0

[Event "European Rapid Championship 2021"]
[Site "Katowice"]
[Date "2021.12.18"]
[Round "1.8"]
[White "Dziendziel, Mateusz"]
[Black "Fridman, Daniel"]
[Result "0-1"]
[WhiteElo "1799"]
[BlackElo "2626"]
[Annotator "TA"]
[PlyCount "46"]
[EventDate "2021.12.18"]
[EventType "swiss"]
[EventCountry "POL"]
[SourceTitle "playchess.com"]
[Source "ChessBase"]
[SourceQuality "1"]

{[%evp 9,46,26,83,77,82,73,104,66,95,95,83,101,98,20,21,11,22,9,33,15,31,21,65,
-51,-57,-59,0,-547,-544,-528,-538,-873,-862,-883,-475,-874,-863,-838,-812]} 1.
e4 c6 2. d4 d5 3. e5 c5 4. dxc5 Nc6 5. f4 Qa5+ (5... e6 $11 {remains equal.})
6. c3 {B12: Caro-Kann: Advance Variation.} Qxc5 7. Nf3 Bg4 8. b4 {[#] White is
better.} Bxf3 $146 ({Predecessor:} 8... Qb6 9. Qxd5 e6 10. Qb5 Bxf3 11. Qxb6
axb6 12. gxf3 Nge7 13. Na3 Rxa3 14. Bxa3 Nd5 {½-½ (47) Demirciler,E-Bitirgen,
B (1866) Antalya 2017}) 9. Qxf3 ({Don't play} 9. bxc5 Bxd1 10. Kxd1 e6 $15)
9... Nxb4 {Strongly threatening ...Nc2+.} 10. Na3 {Prevents Nc2+.} Nc6 {[#]}
11. Rb1 ({Better is} 11. Nb5 $1 $16 {Threatens to win with Be3.} Qb6 12. Rb1 (
12. Qxd5 e6 $11)) 11... a6 $1 $11 12. Rxb7 {[%cal Oa3c4]} e6 13. Nc2 Nh6 14.
Be2 Qa5 15. O-O $1 {Hoping for c4.} Bc5+ 16. Be3 (16. Kh1 $14) 16... Qxc3 $15
17. Rc1 Ng4 18. Nd4 $2 {[%mdl 8192] [#]} Nxd4 $19 {Pair of Knights! Black is
clearly winning.} 19. Rxc3 Nxf3+ 20. Bxf3 Bxe3+ 21. Kh1 Nf2+ 22. Kg1 Nd1+ 23.
Rxe3 Nxe3 {Weighted Error Value: White=0.72/Black=0.16 (very precise)} 0-1

[Event "European Rapid Championship 2021"]
[Site "Katowice"]
[Date "2021.12.18"]
[Round "1.8"]
[White "Lonski, Aleksander"]
[Black "Bjerre, Jonas"]
[Result "0-1"]
[WhiteElo "1412"]
[BlackElo "2330"]
[Annotator "TA"]
[PlyCount "112"]
[EventDate "2021.12.18"]
[EventType "swiss"]
[EventCountry "POL"]
[SourceTitle "playchess.com"]
[Source "ChessBase"]
[SourceQuality "1"]

{[%evp 11,112,-17,-24,-44,-42,-37,-52,-46,-43,-72,-23,-27,0,-25,-25,-45,-31,
-79,-77,-104,-104,-101,-106,-100,-94,-104,-102,-108,-89,-116,-90,-140,-129,
-223,-212,-185,-171,-400,-364,-371,-281,-456,-394,-422,-433,-520,-541,-515,
-497,-531,-479,-1900,-1650,-1556,-579,-562,-119,-120,-116,-130,-131,-135,-131,
-187,-192,-219,-214,-297,-295,-272,-246,-437,-418,-552,-552,-552,-544,-739,
-735,-620,-483,-483,-483,-471,-455,-440,-424,-406,-395,-554,-543,-527,-523,
-485,-415,-979,-960,-1087,-1235,-1194,-1154,-1344,-1344]} 1. e4 c5 2. c4 Nc6 3.
g3 g6 4. Nc3 Bg7 5. Nge2 a6 6. Bg2 b5 7. O-O {A36: Symmetrical English vs ...
g6: 4 Bg2 Bg7.} bxc4 8. Qa4 {[#]} Rb8 $146 ({Predecessor:} 8... Na5 9. b4 cxb4
10. Qxb4 Ra7 11. Qa4 Bb7 12. Bb2 Nh6 13. h3 O-O 14. g4 f5 15. gxf5 gxf5 {
0-1 (33) Gabuzyan,H (2380)-Belous,V (2497) Moscow 2011}) 9. Qxc4 {Black is
slightly better.} d6 10. f4 Rb4 (10... h5 $17) 11. Qd3 $1 $11 e6 12. Qc2 Nge7
13. d3 O-O 14. a3 (14. b3 $15) 14... Rb8 $17 {Black is more active.} 15. Be3
Nd4 16. Bxd4 cxd4 17. Nd1 Qb6 18. b4 Bd7 19. Nf2 Rfc8 20. Qd2 Rc3 21. Nxc3 (21.
Bf3 $142) 21... dxc3 22. Qc2 (22. Qe2 $17 {was called for.}) 22... Nc6 $19 {
[%mdl 1024] Black has strong compensation.} 23. Kh1 {[%cal Od3d4]} Rc8 24. Rac1
$2 (24. Nd1) 24... Nd4 25. Qa2 c2 {aiming for ...Ba4.} 26. e5 $2 (26. Nd1)
26... dxe5 27. Ne4 exf4 28. Nc5 {[#] Inhibits Ba4.} f3 $1 29. Rxf3 Nxf3 30.
Bxf3 Bc6 {This bishop pair is nice.} 31. Bg2 (31. Be4 $142 Bxe4+ 32. dxe4)
31... Bxg2+ 32. Kxg2 Qc6+ (32... Rxc5 $142 33. bxc5 Qc6+ 34. Kh3 g5 35. Rxc2 f5
) 33. Kh3 Rd8 $2 (33... g5 $19 {and Black stays clearly on top. ( -> ...Qf3)}
34. Rxc2 f5) 34. Qxc2 $17 Bh6 ({Stronger than} 34... Qf3 35. Qd1 Qf5+ 36. Kg2)
35. Ne4 {[#]} Qxc2 36. Rxc2 Rxd3 {[%mdl 4096] Endgame KRB-KRN} 37. Nf6+ (37.
Rc8+ $17 Kg7 38. Nc5 Rxa3 39. Rc7) 37... Kg7 $19 38. Ne8+ Kf8 39. Nc7 Rxa3 40.
Rc6 a5 {[%cal Ba6a5,Ba5a4,Ba4a3][%mdl 32]} 41. b5 $2 (41. Nb5 Rb3 42. Rc8+ Ke7
43. Rc7+ Kf6 44. Nd6) 41... Be3 42. b6 Rb3 {Threatens to win with ...a4.} 43.
Na8 a4 {...a3 is the strong threat.} 44. Rc4 a3 45. Ra4 Bxb6 46. Nxb6 Rxb6 47.
Rxa3 {KR-KR} Rb4 48. Ra5 Kg7 49. Kg2 h5 {[%cal Bh7h5,Bh5h4][%mdl 32]} 50. Ra7 (
50. h4 $142) 50... h4 51. Rc7 g5 52. Ra7 Kg6 {Strongly threatening ...Rb2+.}
53. Ra5 (53. Re7 $142) 53... f5 {Hoping for ...Rb2+. Black is clearly winning.}
54. Ra8 Rb2+ 55. Kg1 hxg3 56. hxg3 Kh5 {Weighted Error Value: White=0.57/
Black=0.39} 0-1

[Event "European Rapid Championship 2021"]
[Site "Katowice"]
[Date "2021.12.18"]
[Round "1.9"]
[White "Pultinevicius, Paulius"]
[Black "Bogusz, Alan"]
[Result "1-0"]
[WhiteElo "2536"]
[BlackElo "1738"]
[Annotator "TA"]
[PlyCount "77"]
[EventDate "2021.12.18"]
[EventType "swiss"]
[EventCountry "POL"]
[SourceTitle "playchess.com"]
[Source "ChessBase"]
[SourceQuality "1"]

{[%evp 21,77,87,94,91,102,116,112,96,87,83,87,86,92,87,98,94,126,60,135,120,
121,117,152,164,155,15,14,29,32,5,4,7,18,0,0,0,4,0,28,-12,59,58,69,53,72,31,31,
12,27,30,78,79,77,77,294,56,29998,29999]} 1. c4 c5 2. Nf3 Nc6 3. Nc3 d6 4. e3
Nf6 5. d4 cxd4 6. exd4 a6 7. d5 Nb8 8. h3 g6 9. Be3 Nbd7 10. Be2 Bg7 11. O-O
O-O 12. Rc1 {E91: King's Indian: Classical: 6 Be2, unusual replies including 6.
..c5 and 6...Bg4.} b6 13. Nd4 Bb7 14. b4 {White is better.} Rc8 {Inhibits Nc6.}
15. Qb3 Re8 16. Rfd1 {White is much more active.} Qc7 17. a4 Qb8 18. Qa2 Qa8
19. Bf1 (19. a5 $1 $16) 19... Kh8 (19... a5 $14) 20. a5 $16 bxa5 21. Qxa5 e6
22. dxe6 fxe6 23. c5 (23. b5 $16) 23... dxc5 $11 24. bxc5 Rxc5 25. Qa2 Nd5 26.
Nxd5 Bxd5 27. Qd2 Rxc1 28. Rxc1 Rc8 {Inhibits Rc7.} 29. Re1 e5 30. Bh6 {
[%mdl 1024] White has compensation.} Bf6 (30... exd4 31. Bxg7+ Kxg7 32. Re7+
Bf7 33. Rxd7 $16) ({Black should play} 30... Bxh6 $11 31. Qxh6 Qa7) 31. Nc2 $14
{And now Nb4 would win.} Be6 32. Ne3 $1 Qc6 33. Ra1 (33. Ng4 $16) 33... Nc5 {
White must now prevent ...Nb3.} 34. Rc1 Qd7 35. Qa5 Nb3 (35... Qd6 $11 {
was preferrable.}) 36. Rxc8+ $16 Qxc8 37. Qb6 Nc5 $2 {[#]} (37... Nd4 $16 {
was necessary.}) 38. Bc4 $2 (38. Nd5 $1 $18 {[%cal Rd5f6][%mdl 512]} Qd8 39.
Nc7 (39. Qxc5 Bxd5 40. Bxa6 Bg7 $14)) 38... Bxc4 $4 {[%mdl 8192]} (38... Bg7
$14 39. Bxg7+ Kxg7) 39. Qxf6+ {Weighted Error Value: White=0.34/Black=0.56} ({
Weaker is} 39. Nxc4 Nd7 40. Qe6 Qg8 $16) 1-0

[Event "European Rapid Championship 2021"]
[Site "Katowice"]
[Date "2021.12.18"]
[Round "1.9"]
[White "Druckenthaner, Andreas"]
[Black "Kotowicz, Kamil"]
[Result "1-0"]
[WhiteElo "2291"]
[BlackElo "1765"]
[Annotator "NA RC"]
[PlyCount "53"]
[EventDate "2021.12.18"]
[EventType "swiss"]
[EventCountry "POL"]
[SourceTitle "playchess.com"]
[Source "ChessBase"]
[SourceQuality "1"]
[TimeControl "900+10"]

1. e4 {[%emt 0:00:03]} c6 {[%emt 0:00:04]} 2. d3 {[%emt 0:00:04]} d5 {[%emt 0:
00:22]} 3. Qe2 {[%emt 0:00:02]} e6 {[%emt 0:00:22]} 4. Nf3 {[%emt 0:00:04]} Nf6
{[%emt 0:00:04]} 5. g3 {[%emt 0:00:04]} Be7 {[%emt 0:00:07]} 6. Bg2 {[%emt 0:
00:02]} O-O {[%emt 0:00:05]} 7. O-O {[%emt 0:00:05]} b6 {[%emt 0:00:08]} 8. e5
{[%emt 0:00:04]} Nfd7 {[%emt 0:00:03]} 9. Bf4 {[%emt 0:00:13]} c5 {[%emt 0:00:
43]} 10. c4 {[%emt 0:00:04]} Bb7 {[%emt 0:02:22]} 11. Nc3 {[%emt 0:00:03]} dxc4
{[%emt 0:02:37]} 12. dxc4 {[%emt 0:00:05]} a6 {[%emt 0:00:10]} 13. Rad1 {
[%emt 0:00:27]} Qc8 {[%emt 0:00:35]} 14. Bg5 {[%emt 0:02:39]} Bxg5 {[%emt 0:01:
11]} 15. Nxg5 {[%emt 0:00:02]} Bxg2 {[%emt 0:00:05]} 16. Kxg2 {[%emt 0:00:02]}
h6 {[%emt 0:00:20]} 17. Qe4 {[%emt 0:01:25]} Qc6 {[%emt 0:00:49]} 18. Nd5 {
[%emt 0:00:16]} f5 {[%emt 0:00:55]} 19. exf6 {[%emt 0:00:37]} Nxf6 {[%emt 0:00:
10]} 20. Ne7+ {[%emt 0:00:37]} Kh8 {[%emt 0:00:04]} 21. Ng6+ {[%emt 0:00:18]}
Kg8 {[%emt 0:00:06]} 22. Ne7+ {[%emt 0:00:56]} Kh8 {[%emt 0:00:04]} 23. Nf7+ {
[%emt 0:00:38]} Rxf7 {[%emt 0:00:25]} 24. Rd8+ {[%emt 0:00:02]} Qe8 {[%emt 0:
00:49]} 25. Rxe8+ {[%emt 0:00:12]} Nxe8 {[%emt 0:00:02]} 26. Ng6+ {[%emt 0:00:
07]} Kg8 {[%emt 0:00:02]} 27. Qxa8 {[%emt 0:00:10]} 1-0

[Event "European Rapid Championship 2021"]
[Site "Katowice"]
[Date "2021.12.18"]
[Round "1.10"]
[White "Wieczorek, Marek"]
[Black "Donchenko, Alexander"]
[Result "0-1"]
[WhiteElo "1652"]
[BlackElo "2535"]
[Annotator "TA"]
[PlyCount "46"]
[EventDate "2021.12.18"]
[EventType "swiss"]
[EventCountry "POL"]
[SourceTitle "playchess.com"]
[Source "ChessBase"]
[SourceQuality "1"]

{[%evp 13,46,-6,24,-9,37,0,0,0,0,0,0,-58,-50,-76,-75,-112,-83,-130,-125,-933,
-931,-29994,-29990,-29990,-29991,-29991,-29992,-29995,-29996,-29996,-29995,
-29995,-29992,-29992,-29993]} 1. e4 c5 2. Nf3 d6 3. d4 cxd4 4. Nxd4 Nf6 5. Nc3
a6 6. Bg5 Nbd7 7. f4 Qc7 8. Qf3 {B94: Sicilian Najdorf: 6 Bg5 Nbd7.} h6 {
8...b5 gains popularity.} (8... b5 $11 {is superior.}) 9. Bh4 (9. Bxf6 $5 Nxf6
10. f5 $11) 9... g5 10. fxg5 {The position is equal.} hxg5 11. Bxg5 Qc5 $1 {
[%csl LRd4,LRg5]} 12. Bxf6 (12. Qe3 $11) 12... Nxf6 $15 13. Nb3 Qe5 {Black is
more active.} 14. Be2 Bg4 {[#]} ({Much weaker is} 14... Rxh2 $6 15. Rxh2 Bg4
16. Qf2 (16. Bb5+ $2 axb5 17. Rh5 Qxh5 $19) 16... Qxh2 17. O-O-O $11) 15. Qe3
$146 (15. Qd3 $142) ({Predecessor:} 15. Qd3 Bh6 16. Qd4 Bf4 17. Nd5 Bg3+ 18.
Kd1 Bxe2+ 19. Kxe2 Qh5+ 20. Kd3 Be5 21. Qa4+ {1-0 (43) Bounlom,J (1816)
-Levrand,R (2175) Graechen 2017}) 15... Rxh2 $17 16. O-O {[%mdl 8192] [#]} (16.
Rxh2 $17 Qxh2 17. Bxg4 Nxg4 18. Qf3) 16... Bh6 $19 17. Qd4 Qh5 {Black mates.}
18. Rf3 Qh4 {[%csl Gh4][%cal Rh2h1]} 19. Rh3 Rxh3 20. gxh3 Qg3+ 21. Kh1 Qxh3+
22. Kg1 Be3+ 23. Qxe3 Qxe3+ {White did not feel at home in the position after
the opening.  Weighted Error Value: White=1.18/Black=0.07 (flawless)} 0-1

[Event "European Rapid Championship 2021"]
[Site "Katowice"]
[Date "2021.12.18"]
[Round "1.10"]
[White "Merecki, Antoni"]
[Black "Balacek, Tadeas"]
[Result "1/2-1/2"]
[WhiteElo "1418"]
[BlackElo "2354"]
[Annotator "TA"]
[PlyCount "65"]
[EventDate "2021.12.18"]
[EventType "swiss"]
[EventCountry "POL"]
[SourceTitle "playchess.com"]
[Source "ChessBase"]
[SourceQuality "1"]

{[%evp 14,65,18,15,18,32,18,26,22,19,21,21,23,12,4,4,5,6,10,11,41,41,38,38,63,
0,0,0,77,77,93,102,93,112,91,9,82,0,0,0,0,0,0,0,0,0,0,0,0,0,0,0,0,0]} 1. e4 e6
2. d4 d5 3. exd5 exd5 4. Nf3 Nf6 5. Bd3 c5 {[%cal Bc7c5,Bc5c4][%mdl 32]} 6. O-O
c4 7. Re1+ Be7 8. Bf1 O-O {C01: French: Exchange Variation.} 9. b3 cxb3 10.
axb3 Nc6 {White has an edge.} 11. Ne5 Bf5 12. Nxc6 bxc6 13. Rxe7 Qxe7 14. Ba3
Qe4 {[#] Threatens to win with ...Rfe8.} 15. Bxf8 Kxf8 16. c3 Re8 17. Nd2 {[#]}
Qe7 $146 ({Predecessor:} 17... Qf4 18. g3 Qc7 19. b4 h5 20. Nf3 Bg4 21. Qd3
Bxf3 22. Qxf3 h4 23. Bd3 Ne4 {½-½ (30) Basencyan,M (2135)-Ponfilenok,V (2402)
St Petersburg 2011}) 18. b4 h6 19. Ra6 Qe1 20. Ra1 Qe7 21. Qa4 {[%csl LRa7,
LRc6]} Qd6 22. Qxa7 Qf4 23. Nf3 {Strongly threatening Ne5.} Ne4 24. Bd3 ({
Better is} 24. Re1 $16) 24... Nd2 {[#]} (24... Nxf2 $1 $11 25. Bxf5 Qe3) 25.
Bxf5 (25. Ne5 $1 $16 {[%csl Ge5][%cal Ra7f7]} Bxd3 26. Nxd3) 25... Nxf3+ $11 {
The position is equal.} 26. gxf3 Qxf5 $16 {[%mdl 4096] Endgame KQR-KQR} 27. Qb7
$1 ({Wrong is} 27. Qc5+ $2 Kg8 28. Qxc6 Re6 $19) 27... Qxf3 28. Qxc6 Qg4+ 29.
Kh1 Qe4+ 30. Kg1 Qg4+ 31. Kh1 Qf3+ 32. Kg1 Qg4+ 33. Kh1 {Weighted Error Value:
White=0.14 (very precise) /Black=0.07 (flawless)} 1/2-1/2